[Event "TUR-chT 2nd League"]
[Site "Konya"]
[Date "2017.07.20"]
[Round "6.14"]
[White "Yagli, Serhat Orkun"]
[Black "Tumer, Levent"]
[Result "0-1"]
[WhiteElo "1078"]
[BlackElo "1492"]
[PlyCount "70"]
[EventDate "2017.07.17"]
[EventType "team-swiss"]
[EventRounds "9"]
[EventCountry "TUR"]
[SourceTitle "CBM 179 Extra"]
[Source "ChessBase"]
[SourceDate "2017.08.23"]
[SourceVersion "1"]
[SourceVersionDate "2017.08.23"]
[SourceQuality "1"]
[WhiteTeam "Ordu Gul Bahcesi"]
[BlackTeam "Bolu Koroglu"]
[WhiteTeamCountry "TUR"]
[BlackTeamCountry "TUR"]

1. d4 d5 2. Nf3 Nf6 3. Bf4 Bf5 4. e3 e6 5. c4 Bb4+ 6. Nbd2 0-0 7. Be2 Nbd7 8. h3 dxc4 9. Bxc4 Nb6 10. Be2 Nbd5 11. Bg5 h6 12. Bh4 g5 13. Bg3 Ne4 14. Bh2 c5 15. dxc5 Qa5 16. Bd6 Rfd8 17. a3 Bxd2+ 18. Nxd2 Nxd6 19. cxd6 Rxd6 20. 0-0 Nxe3 21. fxe3 Qxd2 22. Rf3 Rad8 23. Qf1 Qxb2 24. e4 Qd4+ 25. Kh1 Qxe4 26. Re1 Qh4 27. Kh2 Rd2 28. Rd1 Rxd1 29. Bxd1 Qe4 30. Bb3 Rd3 31. Rxd3 Qxd3 32. Qxd3 Bxd3 33. g4 Kf8 34. Kg3 Ke7 35. Kf3 Bf1 0-1